Základy manažmentu

Saved in:
Bibliographic Details
Main Author: Sedlák, Mikuláš
Corporate Author: Ekonomická univerzita v Bratislave. Fakulta podnikového manažmentu
Other Authors: Majtán, Miroslav, Osvaldová, Lívia, Papula, Jozef
Format: Book
Language:Slovak
Published: Bratislava Edičné stredisko EU 1993
Edition:1. vyd.
Subjects:
Tags: Add Tag
No Tags, Be the first to tag this record!

MARC

LEADER 00000nam a2200000 4500
001 c002559
005 20221103081406.1
020 |a 80-225-0480-7 
041 0 |a slo 
044 |a SK 
245 1 0 |a Základy manažmentu  |c Mikuláš Sedlák a kolektív 
250 |a 1. vyd. 
264 1 |a Bratislava  |b Edičné stredisko EU  |c 1993 
300 |a 247 s. 
610 2 0 |a manažment 
610 2 0 |a koncepcie 
610 2 0 |a organizácia 
610 2 0 |a štruktúra organizačná 
610 2 0 |a štruktúra podniku organizačná 
610 2 0 |a právomoc 
610 2 0 |a riadenie podnikové 
610 2 0 |a rozhodovanie 
610 2 0 |a systémy informačné podnikové 
610 2 0 |a stratégia podniková 
610 2 0 |a manažéri 
610 2 0 |a vedenie 
610 2 0 |a motivácia pracovná 
610 2 0 |a USA 
100 1 |a Sedlák, Mikuláš 
700 1 |a Majtán, Miroslav 
700 1 |a Osvaldová, Lívia 
700 1 |a Papula, Jozef 
710 2 |a Ekonomická univerzita v Bratislave. Fakulta podnikového manažmentu